000 00571nam a2200217Ia 4500
003 IN-BaIIA
008 211028s9999 xx 000 0 eng d
040 _cIIA Library
080 _a535
_bMAR
100 _aMartin, L. C.
_93969
245 0 _aTechnical optics
_bvol. 1
_cL.C. Martin and W.T. Welford
250 _a2nd ed.
260 _aLondon
_bSir Isaac Pitman and Sons
_c1966
300 _avii, 399p.
650 _aNASA thesaurus
650 _aOptical instruments
650 _aOptics
650 _aPhysical optics
700 _aWelford, W.T.
_94754
942 _cBK
999 _c2667
_d2667